Usporiadanie vzťahu štátu a cirkví
Spoločným cieľom štátu a cirkví je všeobecné blaho občanov a ich vzájomná spolupráca a koordinácia. Právne postavenie, právne vzťahy. Zmluvy a dohody. Problematika financovania cirkví. Ochrana sakrálnych kultúrnych pamiatok.
Na minha lista:
| Autor principal: | |
|---|---|
| Outros Autores: | |
| Formato: | Capítulo de Livro |
| Idioma: | eslovaco |
| Assuntos: | |
| Tags: |
Sem tags, seja o primeiro a adicionar uma tag!
|
MARC
| LEADER | 00000naa$a2200000$$$4500 | ||
|---|---|---|---|
| 001 | 0004314 | ||
| 005 | 20231016083422.9 | ||
| 041 | 0 | |a slo | |
| 044 | |a SK | ||
| 245 | 1 | 0 | |a Usporiadanie vzťahu štátu a cirkví |c aut. Ján Juran, Radovan Čikeš |
| 520 | |a Spoločným cieľom štátu a cirkví je všeobecné blaho občanov a ich vzájomná spolupráca a koordinácia. Právne postavenie, právne vzťahy. Zmluvy a dohody. Problematika financovania cirkví. Ochrana sakrálnych kultúrnych pamiatok. | ||
| 610 | 2 | 0 | |a štát a cirkev |
| 610 | 2 | 0 | |a cirkev |
| 610 | 2 | 0 | |a vzťahy právne |
| 610 | 2 | 0 | |a zmluvy |
| 610 | 2 | 0 | |a dohody |
| 610 | 2 | 0 | |a financovanie |
| 610 | 2 | 0 | |a ochrana pamiatok |
| 610 | 2 | 0 | |a Slovensko |
| 100 | 1 | |a Juran, Ján | |
| 700 | 1 | |a Čikeš, Radovan | |